MARC

LEADER 00000cam a2200000 7i4500
001 0000137628
005 20100518.0
020 |a 9789675243462 
090 0 0 |a 320.9595   |b TUN 
245 0 0 |a Tun Hussein Onn   |c penyusun Afzan Ayub 
490 0 |a Siri Kepimpinan Perdana Menteri 
600 0 0 |a Hussein Onn,Tun,1922-1990 
650 0 0 |a Political leadership   |z Malaysia   |x Juvenile literature 
650 0 0 |a Prime ministers   |z Malaysia   |x Juvenile literature 
651 0 |a Malaysia   |x Politics and government   |x Juvenile literature 
700 0 |a Afzan Ayub 
999 |a 00230995   |b BUKU   |c MALAYSIANA   |e PERPUSTAKAAN KOMUNITI PETALING JAYA